| 000 | 01020nam a2200301 i 4500 | ||
|---|---|---|---|
| 001 | 13552 | ||
| 003 | ES-MaACL | ||
| 005 | 20230906150618.0 | ||
| 007 | t| | ||
| 008 | 980518s1997 sp ||||1| spa d | ||
| 020 | _a84-481-0997-X | ||
| 080 | _a001.5 | ||
| 080 | _a159.95 | ||
| 080 | _a316.32"19" | ||
| 100 | 1 |
_aRodríguez Delgado, Rafael. _998489 |
|
| 245 | 1 | 0 |
_aDel Universo al ser humano : _bhacia una concepción planetaria para el siglo XXI / _cRafael Rodríguez Delgado ; prólogo de Felipe Gómez-Pallete. |
| 250 | _a1ª ed. | ||
| 260 |
_aMadrid : _bMcGraw-Hill, Interamericana de España, _c1997. |
||
| 300 |
_aXXI, 297 p. : _bil. ; _c21 cm. |
||
| 490 | 1 | _aMcGraw-Hill de divulgación científica | |
| 504 | _aBibliografía : p. 284-289. | ||
| 650 |
_aTeoría de sistemas. _9172518 |
||
| 650 | 4 |
_aProcesos cognitivos. _916440 |
|
| 700 | 1 |
_aGómez-Pallete, Felipe. _958095 |
|
| 830 | 1 |
_aMcGraw-Hill de divulgación científica _9179486 |
|
| 852 |
_aES-MaACL _jL-20900 |
||
| 999 |
_c13552 _d13552 |
||